| 000 -LEADER |
| fixed length control field |
02293cam a2200265 i 4500 |
| 003 - CONTROL NUMBER IDENTIFIER |
| control field |
OSt |
| 005 - DATE AND TIME OF LATEST TRANSACTION |
| control field |
20260407133620.0 |
| 008 - FIXED-LENGTH DATA ELEMENTS--GENERAL INFORMATION |
| fixed length control field |
211029t20222022ctuabe b 001 0 eng d |
| 020 ## - INTERNATIONAL STANDARD BOOK NUMBER |
| International Standard Book Number |
9780300258943 |
| 042 ## - AUTHENTICATION CODE |
| Authentication code |
lccopycat |
| 043 ## - GEOGRAPHIC AREA CODE |
| Geographic area code |
a-ii--- |
| 050 00 - LIBRARY OF CONGRESS CALL NUMBER |
| Classification number |
NA1507.D43 |
| Item number |
K35 2022 |
| 082 04 - DEWEY DECIMAL CLASSIFICATION NUMBER |
| Classification number |
723-724 |
| 100 1# - MAIN ENTRY--PERSONAL NAME |
| Personal name |
Kaligotla, Subhashini, |
| Dates associated with a name |
1969- |
| Relator term |
author. |
| 245 10 - TITLE STATEMENT |
| Title |
Shiva's waterfront temples : |
| Remainder of title |
architects and their audiences in medieval India / |
| Statement of responsibility, etc |
Subhashini Kaligotla. |
| 246 30 - VARYING FORM OF TITLE |
| Title proper/short title |
Architects and their audiences in medieval India |
| 300 ## - PHYSICAL DESCRIPTION |
| Extent |
x, 287 pages : illustrations (chiefly color), color maps, plans ; |
| Dimensions |
26 cm |
| 504 ## - BIBLIOGRAPHY, ETC. NOTE |
| Bibliography, etc |
Includes bibliographical references and index. |
| 505 0# - FORMATTED CONTENTS NOTE |
| Formatted contents note |
Toward a historical reinterpretation of Deccan heterogeneity -- Writ in stone: epigraphs and the presence of early medieval Deccan makers -- "Small models of large buildings"?: the many meanings of micro architecture -- Temples on temples: mediating power, difference, and canonical knowledge -- "Maker of many cities": fashioning and experiencing the early Deccan temple cluster -- Conclusion: the afterlives of the temple cluster. |
| 520 8# - SUMMARY, ETC. |
| Summary, etc |
The vibrant red sandstone temples of India's Deccan Plateau, such as the Pattadakal temple cluster, have attracted visitors since the eighth century or earlier. A UNESCO World Heritage Site and the coronation place of the Chalukya dynasty, Pattadakal and its neighboring sites are of major historical importance. In Shiva's Waterfront Temples, Subhashini Kaligotla situates these buildings in the cosmopolitan milieu of Deccan India and considers how their makers and awestruck visitors would have seen them in their day. Kaligotla reconstructs how architects and builders approached the sites, including their use of ornamentation, responsiveness to courtly values such as pleasure and play, and ingenious juxtaposition of the first millennium's Nagara and Dravida aesthetics, a blend largely unique to Deccan plateau architecture. With over 130 color illustrations, this original book elucidates the Deccan's special place in the lexicon of medieval South Asian architecture. |
| 650 #0 - SUBJECT ADDED ENTRY--TOPICAL TERM |
| Topical term or geographic name as entry element |
Architecture, Medieval |
| Geographic subdivision |
India |
| -- |
Deccan. |
| 650 #0 - SUBJECT ADDED ENTRY--TOPICAL TERM |
| Topical term or geographic name as entry element |
Temples |
| Geographic subdivision |
India |
| -- |
Deccan. |
| 650 #7 - SUBJECT ADDED ENTRY--TOPICAL TERM |
| Topical term or geographic name as entry element |
ARCHITECTURE / General. |
| Source of heading or term |
bisacsh |
| 942 ## - ADDED ENTRY ELEMENTS (KOHA) |
| Source of classification or shelving scheme |
|